Laureados (Record no. 34573)

MARC details
000 -LEADER
campo de control de longitud fija 01023nam a2200253 i 4500
001 - NÚMERO DE CONTROL
campo de control 34573
003 - IDENTIFICADOR DE NÚMERO DE CONTROL
campo de control ES-MaACL
005 - FECHA Y HORA DE LA ÚLTIMA TRANSACCIÓN
campo de control 20250823051515.0
008 - DATOS DE LONGITUD FIJA--INFORMACIÓN GENERAL
campo de control de longitud fija 030207s1940 sp a |||| |dspa d
080 ## - NÚMERO DE LA CLASIFICACIÓN DECIMAL UNIVERSAL
Número de la Clasificación Decimal Universal 929(460)"1936/39"
245 00 - MENCIÓN DEL TÍTULO
Título Laureados
Resto del título : 18 de julio de 1936 /
Mención de responsabilidad, etc. dirección, Fermina de Bonilla, Domingo Viladomat ; literatura, Antonio de Obregón, Álvaro Cunqueiro ; Ilustraciones, José Picó, Eduardo Santonja, Domingo Viladomat.
260 ## - PUBLICACIÓN, DISTRIBUCIÓN, ETC.
Lugar de publicación, distribución, etc. San Sebastián :
Nombre del editor, distribuidor, etc. Ediciones Ciegüeña,
Fecha de publicación, distribución, etc. 1940.
300 ## - DESCRIPCIÓN FÍSICA
Extensión 2 v. (92 ; 94 p.) :
Otras características físicas il. col. ;
Dimensiones 24 cm.
650 04 - PUNTO DE ACCESO ADICIONAL DE MATERIA--TÉRMINO DE MATERIA
Término de materia o nombre geográfico como elemento de entrada Militares-
Subdivisión geográfica España-
Subdivisión cronológica S.XX.
9 (RLIN) 15046
651 #4 - PUNTO DE ACCESO ADICIONAL DE MATERIA--NOMBRE GEOGRÁFICO
Nombre geográfico España-
Subdivisión general Historia militar-
Subdivisión cronológica 1936-1939.
9 (RLIN) 8373
700 1# - ENTRADA AGREGADA--NOMBRE PERSONAL
Nombre de persona Bonilla, Fermina de.
9 (RLIN) 151426
700 1# - ENTRADA AGREGADA--NOMBRE PERSONAL
Nombre de persona Viladomat, Domingo.
9 (RLIN) 114752
700 1# - ENTRADA AGREGADA--NOMBRE PERSONAL
Nombre de persona Obregón, Antonio de,
Fechas asociadas al nombre 1910-1985
9 (RLIN) 86423
700 1# - ENTRADA AGREGADA--NOMBRE PERSONAL
Nombre de persona Cunqueiro, Álvaro,
Fechas asociadas al nombre 1911-1981
9 (RLIN) 42188
700 1# - ENTRADA AGREGADA--NOMBRE PERSONAL
Nombre de persona Picó, José.
9 (RLIN) 91862
700 1# - ENTRADA AGREGADA--NOMBRE PERSONAL
Nombre de persona Santonja, Eduardo.
9 (RLIN) 151427
852 ## - LOCALIZACIÓN
Ubicación ES-MaACL
Número de control de estantería C-4991-92
Holdings
Estatus retirado Estado de pérdida Estado de daño No para préstamo Biblioteca de origen Biblioteca actual Ubicación en estantería Fecha de adquisición Fuente de adquisición Total de préstamos Signatura topográfica completa Código de barras Visto por última vez Precio de reemplazo Tipo de ítem Koha
        Biblioteca del Ateneo de Madrid Biblioteca del Ateneo de Madrid Sala Palomar 17/01/2008     C-4991-92 1036061 23/02/2023 23/02/2023 Libro impreso